| 000 | 00971nam a22002415a 4500 | ||
|---|---|---|---|
| 003 | OSt | ||
| 005 | 20170311130806.0 | ||
| 008 | 170309s2013 ua frb 000 0 ara d | ||
| 015 | _a2010 / 15983 | ||
| 020 | _a9789770464985 | ||
| 040 |
_aEG-ScBUE _bara _cEG-ScBUE |
||
| 082 | 0 | 4 |
_a340.92 _bر و ب _222 |
| 100 | 1 | _aروبي، محمد. | |
| 245 | 1 | 0 |
_aعقد الامتياز التجاري في القانون الدولي الخاص : _bماهية الامتياز التجاري - التزامات طرفيه - القانون الذي يحكمه / _cمحمد الروبي. |
| 260 |
_aالقاهرة : _bدار النهضة العربية، _c2013. |
||
| 300 |
_a373 ص. ؛ _c24 سم. |
||
| 504 | _aيشتمل على إرجاعات ببليوجرافية. | ||
| 650 | 7 |
_aالعقود التجارية (قانون دولي) _2BUEsh |
|
| 650 | 7 |
_aالقانون الدولي الخاص. _2BUEsh |
|
| 651 | _2BUEsh | ||
| 653 |
_bLLAAWW _cMarch2017 |
||
| 942 | _2ddc | ||
| 999 |
_c24375 _d24347 |
||